[Event "Kuala Lumpur op 7th"]
[Site "Kuala Lumpur"]
[Date "2010.09.01"]
[Round "1"]
[White "Gao, Rui"]
[Black "Dotsenko, Viacheslav"]
[Result "1/2-1/2"]
[WhiteElo "2450"]
[BlackElo "2054"]
[PlyCount "63"]
[EventDate "2010.09.01"]
[EventType "swiss"]
[EventRounds "9"]
[EventCountry "MAS"]
[SourceTitle "CBM 138 Extra"]
[Source "ChessBase"]
[SourceDate "2010.10.29"]
[SourceVersion "1"]
[SourceVersionDate "2010.10.29"]
[SourceQuality "1"]

1. e4 c5 2. Nf3 Nc6 3. Nc3 e6 4. d4 cxd4 5. Nxd4 Nf6 6. Ndb5 d6 7. Bf4 e5 8. Bg5 a6 9. Na3 b5 10. Nd5 Be7 11. Bxf6 Bxf6 12. c4 bxc4 13. Nxc4 Nd4 14. Bd3 0-0 15. 0-0 Bb7 16. Ncb6 Rb8 17. Nxf6+ gxf6 18. Nc4 Kh8 19. Ne3 Rg8 20. Qh5 f5 21. exf5 Qf6 22. f3 Bxf3 23. Rxf3 Nxf3+ 24. Qxf3 e4 25. Qxe4 Rbe8 26. Qf4 Rxe3 27. Rd1 Qxb2 28. Bf1 Qe5 29. Qh6 Rf3 30. Rd5 Qxd5 31. Qf6+ Rg7 32. Qd8+ 1/2-1/2

[Event "Sydney op-A"]
[Site "Parramatta"]
[Date "2008.03.28"]
[Round "7"]
[White "Dotsenko, Viacheslav"]
[Black "Watson, James"]
[Result "1/2-1/2"]
[WhiteElo "2132"]
[BlackElo "1923"]
[PlyCount "40"]
[EventDate "2008.03.25"]
[EventType "swiss"]
[EventRounds "9"]
[EventCountry "AUS"]
[SourceTitle "EXT 2023"]
[Source "ChessBase"]
[SourceDate "2022.10.05"]
[SourceVersion "1"]
[SourceVersionDate "2022.10.05"]
[SourceQuality "1"]

1. d4 Nf6 2. Nf3 e6 3. g3 b6 4. Bg2 Bb7 5. 0-0 Be7 6. c4 d5 7. Nc3 dxc4 8. Qa4+ Nbd7 9. Qxc4 0-0 10. Rd1 Qc8 11. Bg5 h6 12. Bf4 Nd5 13. Nxd5 Bxd5 14. Qxc7 Qxc7 15. Bxc7 Rac8 16. Bf4 Rc2 17. Rd2 Rfc8 18. Ne1 Rc1 19. Rd1 Rxd1 20. Rxd1 g5 1/2-1/2

[Event "Singapore Masters 4th"]
[Site "Singapore"]
[Date "2007.12.20"]
[Round "7"]
[White "Chua, Zheng Yuan Terry"]
[Black "Dotsenko, Viacheslav"]
[Result "1-0"]
[WhiteElo "2096"]
[BlackElo "2132"]
[PlyCount "117"]
[EventDate "2007.12.17"]
[EventType "swiss"]
[EventRounds "9"]
[EventCountry "SIN"]
[SourceTitle "CBM 121 Extra"]
[Source "ChessBase"]
[SourceDate "2008.01.10"]
[SourceVersion "1"]
[SourceVersionDate "2008.01.10"]
[SourceQuality "1"]

1. e4 e5 2. Nf3 Nc6 3. Bb5 Nd4 4. Nxd4 exd4 5. d3 c6 6. Bc4 h5 7. Nd2 Bc5 8. Nf3 d5 9. exd5 cxd5 10. Bb3 Ne7 11. 0-0 Be6 12. Re1 Qd6 13. Ba4+ Kf8 14. h3 a6 15. Ng5 Bf5 16. Qf3 Qf6 17. Bd2 Bg6 18. Qxf6 gxf6 19. Nf3 Rd8 20. Re2 Bf5 21. Rae1 Be6 22. a3 Kg7 23. b4 Ba7 24. Rb1 b5 25. Bb3 Nc6 26. Ree1 Bb6 27. Kf1 Ra8 28. Ng1 Bc7 29. Ne2 Rhd8 30. Nf4 Bxf4 31. Bxf4 Rac8 32. f3 Kg6 33. Kf2 Rd7 34. g4 hxg4 35. fxg4 Ne7 36. Kf3 Nc6 37. Re2 Ra8 38. Rg1 Rh8 39. Kg3 f5 40. Rge1 Rc8 41. Rxe6+ fxe6 42. Rxe6+ Kf7 43. gxf5 Ne7 44. Kg4 Rc6 45. Re5 Kf6 46. h4 Rb6 47. Re2 Ng8 48. Be5+ Kf7 49. Bxd4 Rh6 50. Kg5 Rhd6 51. Bc5 Rf6 52. Re5 Kg7 53. Bxd5 Nh6 54. Be6 Nf7+ 55. Bxf7 Rdxf7 56. h5 Kh7 57. d4 Kg7 58. d5 Kh7 59. d6 1-0

[Event "Singapore Masters 4th"]
[Site "Singapore"]
[Date "2007.12.19"]
[Round "6"]
[White "Dotsenko, Viacheslav"]
[Black "Neubronner, Jarred Jason"]
[Result "1/2-1/2"]
[WhiteElo "2132"]
[BlackElo "2097"]
[PlyCount "56"]
[EventDate "2007.12.17"]
[EventType "swiss"]
[EventRounds "9"]
[EventCountry "SIN"]
[SourceTitle "CBM 121 Extra"]
[Source "ChessBase"]
[SourceDate "2008.01.10"]
[SourceVersion "1"]
[SourceVersionDate "2008.01.10"]
[SourceQuality "1"]

1. Nf3 Nf6 2. d4 g6 3. c4 Bg7 4. Nc3 0-0 5. Bg5 d6 6. e3 Nbd7 7. Be2 h6 8. Bh4 e5 9. Qc2 exd4 10. Nxd4 Re8 11. 0-0 Nc5 12. Rad1 Ne6 13. Nb3 Bd7 14. Rd2 a5 15. Nb5 a4 16. N3d4 Nc5 17. Nc3 g5 18. Bg3 Nfe4 19. Nxe4 Nxe4 20. Rdd1 f5 21. Bh5 Rf8 22. Bf3 Qe7 23. Bxe4 fxe4 24. a3 Kh8 25. Ne2 Bc6 26. Nd4 Bd7 27. Ne2 Bc6 28. Nd4 Bd7 1/2-1/2

[Event "Singapore Masters 4th"]
[Site "Singapore"]
[Date "2007.12.19"]
[Round "5"]
[White "Koh, Jonathan"]
[Black "Dotsenko, Viacheslav"]
[Result "1-0"]
[WhiteElo "2090"]
[BlackElo "2132"]
[PlyCount "77"]
[EventDate "2007.12.17"]
[EventType "swiss"]
[EventRounds "9"]
[EventCountry "SIN"]
[SourceTitle "CBM 121 Extra"]
[Source "ChessBase"]
[SourceDate "2008.01.10"]
[SourceVersion "1"]
[SourceVersionDate "2008.01.10"]
[SourceQuality "1"]

1. e4 e5 2. Nf3 Nc6 3. d4 exd4 4. Nxd4 Bc5 5. Be3 Qf6 6. c3 Nge7 7. Bc4 Ne5 8. Be2 Qg6 9. 0-0 h5 10. Nb5 Bd6 11. Bc5 Bxc5 12. Nxc7+ Kd8 13. Nxa8 N7c6 14. b4 Bd6 15. b5 Ne7 16. b6 Bc5 17. Nc7 axb6 18. Nd5 Nxd5 19. exd5 d6 20. Nd2 Bh3 21. Bf3 h4 22. Kh1 Bd7 23. h3 f5 24. Be2 Qh6 25. Nf3 Nxf3 26. Bxf3 g5 27. a4 Kc7 28. a5 bxa5 29. Rxa5 Bb6 30. Ra2 Qg7 31. Qd3 g4 32. Bd1 f4 33. Bxg4 Bxg4 34. hxg4 Qxg4 35. Qh3 Qg7 36. Re1 Rf8 37. Rae2 Rf7 38. Re8 Bxf2 39. Qc8+ 1-0

[Event "Singapore Masters 4th"]
[Site "Singapore"]
[Date "2007.12.18"]
[Round "3"]
[White "Dotsenko, Viacheslav"]
[Black "Wu, Shaobin"]
[Result "0-1"]
[WhiteElo "2132"]
[BlackElo "2449"]
[PlyCount "74"]
[EventDate "2007.12.17"]
[EventType "swiss"]
[EventRounds "9"]
[EventCountry "SIN"]
[SourceTitle "CBM 121 Extra"]
[Source "ChessBase"]
[SourceDate "2008.01.10"]
[SourceVersion "1"]
[SourceVersionDate "2008.01.10"]
[SourceQuality "1"]

1. e4 c5 2. Nf3 d6 3. c3 Nf6 4. Be2 Bd7 5. d3 g6 6. 0-0 Bg7 7. Re1 0-0 8. Bf1 Bc6 9. Nbd2 e5 10. d4 cxd4 11. cxd4 exd4 12. Nxd4 Re8 13. Nxc6 Nxc6 14. f3 d5 15. exd5 Qxd5 16. Ne4 Nd4 17. Nc3 Qc5 18. Rxe8+ Rxe8 19. Kh1 h5 20. Bf4 Nd5 21. Nxd5 Qxd5 22. Qd2 h4 23. h3 Qe6 24. Qf2 Nf5 25. Bb5 Bd4 26. Qd2 Re7 27. Ba4 Be5 28. Bb3 Bxf4 29. Qxf4 Qf6 30. Kh2 Qxb2 31. Rd1 Kg7 32. Rd2 Qc1 33. Rd4 Qe1 34. Re4 Rxe4 35. fxe4 Qg3+ 36. Qxg3 hxg3+ 37. Kg1 Ne3 0-1

[Event "Singapore Masters 4th"]
[Site "Singapore"]
[Date "2007.12.17"]
[Round "1"]
[White "Sitanggang, Salor"]
[Black "Dotsenko, Viacheslav"]
[Result "1-0"]
[WhiteElo "2410"]
[BlackElo "2132"]
[PlyCount "91"]
[EventDate "2007.12.17"]
[EventType "swiss"]
[EventRounds "9"]
[EventCountry "SIN"]
[SourceTitle "CBM 121 Extra"]
[Source "ChessBase"]
[SourceDate "2008.01.10"]
[SourceVersion "1"]
[SourceVersionDate "2008.01.10"]
[SourceQuality "1"]

1. d4 d5 2. Nf3 c5 3. c4 e6 4. cxd5 exd5 5. Nc3 Nc6 6. Bf4 Nf6 7. e3 Be7 8. Be2 0-0 9. dxc5 Bxc5 10. 0-0 a6 11. Rc1 d4 12. Na4 Ba7 13. exd4 Nxd4 14. Nxd4 Qxd4 15. Qxd4 Bxd4 16. Rfd1 Ba7 17. Nc5 Bg4 18. Bxg4 Nxg4 19. h3 Bxc5 20. Rxc5 Nf6 21. Rc7 b5 22. Rd6 Rfe8 23. Kf1 Re4 24. Be3 a5 25. a3 b4 26. a4 b3 27. Rd4 Re6 28. Rc5 Ree8 29. Rd3 Reb8 30. Bf4 Rb4 31. Rxa5 Rc8 32. Rc5 Ra8 33. Be3 h6 34. Rb5 Rbxa4 35. Rdxb3 Kh7 36. Rb7 Kg6 37. R3b6 R8a6 38. Ke2 Rxb6 39. Rxb6 Kf5 40. g4+ Ke5 41. f4+ Kd5 42. Rb7 Ra8 43. Kd3 Ke6 44. f5+ Kd5 45. Rxf7 Rb8 46. Bd4 1-0

[Event "Kuala Lumpur op 4th"]
[Site "Kuala Lumpur"]
[Date "2007.08.25"]
[Round "10"]
[White "Dotsenko, Viacheslav"]
[Black "Schon, Eugene"]
[Result "0-1"]
[WhiteElo "2132"]
[BlackElo "1963"]
[PlyCount "108"]
[EventDate "2007.08.20"]
[EventType "swiss"]
[EventRounds "11"]
[EventCountry "MAS"]
[SourceTitle "CBM 120 Extra"]
[Source "ChessBase"]
[SourceDate "2007.11.01"]
[SourceVersion "1"]
[SourceVersionDate "2007.11.01"]
[SourceQuality "1"]

1. Nf3 d5 2. g3 Bg4 3. Bg2 Nd7 4. 0-0 Ngf6 5. d4 c6 6. Nbd2 e6 7. c4 Bd6 8. b3 Qc7 9. Bb2 h5 10. Rc1 0-0-0 11. c5 Be7 12. b4 Bxf3 13. exf3 g5 14. Re1 Rdg8 15. a4 Nf8 16. b5 h4 17. Bc3 g4 18. f4 Ng6 19. Nf1 Nh5 20. Rb1 Ngxf4 21. gxf4 g3 22. fxg3 hxg3 23. Qf3 gxh2+ 24. Kh1 Nxf4 25. Rb2 cxb5 26. axb5 Rg6 27. Re5 f6 28. Ree2 Nxe2 29. Rxe2 f5 30. Be1 Bh4 31. Bd2 Qf7 32. Bf4 Bd8 33. c6 bxc6 34. Rc2 Bb6 35. bxc6 a6 36. Qa3 Qa7 37. c7 Rhg8 38. Qd6 Qb7 39. Ne3 Bxd4 40. Nc4 Qb1+ 41. Rc1 Qa2 42. Nd2 Bb2 43. Rb1 e5 44. Qb4 Rxg2 45. Rxb2 Qa1+ 46. Rb1 Rg1+ 47. Kxh2 Rxb1 48. Nxb1 Rh8+ 49. Kg2 exf4 50. Qb8+ Kd7 51. c8Q+ Rxc8 52. Qb7+ Rc7 53. Qxd5+ Ke7 54. Nd2 Qg7+ 0-1

[Event "Kuala Lumpur op 4th"]
[Site "Kuala Lumpur"]
[Date "2007.08.21"]
[Round "4"]
[White "Dotsenko, Viacheslav"]
[Black "Zhang, Jilin"]
[Result "0-1"]
[WhiteElo "2132"]
[BlackElo "2338"]
[PlyCount "136"]
[EventDate "2007.08.20"]
[EventType "swiss"]
[EventRounds "11"]
[EventCountry "MAS"]
[SourceTitle "CBM 120 Extra"]
[Source "ChessBase"]
[SourceDate "2007.11.01"]
[SourceVersion "1"]
[SourceVersionDate "2007.11.01"]
[SourceQuality "1"]

1. Nf3 Nf6 2. c4 g6 3. g3 Bg7 4. Bg2 0-0 5. 0-0 c5 6. d4 cxd4 7. Nxd4 Nc6 8. Nc3 Nxd4 9. Qxd4 d6 10. Qd2 Rb8 11. b3 Be6 12. Bb2 Qa5 13. Rfd1 Rfc8 14. Nb5 Qxd2 15. Rxd2 a6 16. Nd4 Nd7 17. Rad1 Nc5 18. Nxe6 Nxe6 19. Bxg7 Kxg7 20. h4 b5 21. cxb5 Rxb5 22. e3 a5 23. Bh3 Kf6 24. Rd5 Rxd5 25. Rxd5 Rc1+ 26. Bf1 Nc5 27. Rd2 Ne4 28. Rb2 Nc3 29. a3 Ra1 30. b4 Rxa3 31. bxa5 Rxa5 32. Kg2 Ra2 33. Rxa2 Nxa2 34. Bc4 Nc3 35. Bd3 h6 36. Bc2 d5 37. Bb3 Ke5 38. Bc2 Kd6 39. Kf1 Kc5 40. Ke1 e5 41. Kd2 Kb4 42. g4 Ne4+ 43. Ke1 Nd6 44. Kd2 Nc4+ 45. Kd3 g5 46. hxg5 hxg5 47. f3 Na3 48. Bd1 f6 49. Be2 Nc4 50. Bf1 Kc5 51. Be2 d4 52. exd4+ exd4 53. Ke4 Nd6+ 54. Kd3 Kd5 55. Bd1 Nb7 56. Bb3+ Ke5 57. Bd1 Nc5+ 58. Kc4 Ne6 59. Bc2 Nf4 60. Be4 Ne2 61. Kd3 Ng1 62. Bb7 Kf4 63. Kxd4 Nxf3+ 64. Kd3 Ne5+ 65. Ke2 Nxg4 66. Bc6 Ne5 67. Bd5 f5 68. Bb7 Kg3 0-1

[Event "Kuala Lumpur op 3rd"]
[Site "Kuala Lumpur"]
[Date "2006.08.26"]
[Round "9"]
[White "Dotsenko, Viacheslav"]
[Black "Liew, Chee Meng Jimmy"]
[Result "0-1"]
[WhiteElo "2103"]
[BlackElo "2320"]
[PlyCount "92"]
[EventDate "2006.08.21"]
[EventType "swiss"]
[EventRounds "11"]
[EventCountry "MAS"]
[SourceTitle "CBM 114 Extra"]
[Source "ChessBase"]
[SourceDate "2006.11.03"]
[SourceVersion "1"]
[SourceVersionDate "2006.11.03"]
[SourceQuality "1"]

1. d4 d5 2. c4 Nc6 3. cxd5 Qxd5 4. e3 e5 5. Nc3 Bb4 6. Bd2 Bxc3 7. bxc3 exd4 8. cxd4 Nf6 9. Ne2 Ne4 10. Nf4 Qd6 11. Bd3 Nxd2 12. Qxd2 0-0 13. Rb1 b6 14. 0-0 Bb7 15. Rfc1 g6 16. Qc3 Rac8 17. Be4 Na5 18. Bxb7 Nxb7 19. Qc6 Qxc6 20. Rxc6 Rfd8 21. Rbc1 Rd7 22. Nd3 Kf8 23. g3 Ke8 24. Kg2 Na5 25. R6c3 c6 26. Ne5 Rd6 27. Nd3 Kd7 28. Ne5+ Ke7 29. h4 f6 30. Nd3 Kd7 31. Kf3 Kc7 32. Rh1 Rd5 33. g4 Kb7 34. Nf4 Rb5 35. g5 fxg5 36. hxg5 Rc7 37. Rg1 Rb2 38. a3 Ra2 39. Rh1 Rf7 40. Kg3 b5 41. Ne6 Kb6 42. f4 Nc4 43. Rb1 Rxa3 44. Rbc1 Re7 45. Nf8 Rxc3 46. Rxc3 Nxe3 0-1

[Event "Kuala Lumpur op 3rd"]
[Site "Kuala Lumpur"]
[Date "2006.08.22"]
[Round "4"]
[White "Baba, Masahiro"]
[Black "Dotsenko, Viacheslav"]
[Result "1/2-1/2"]
[WhiteElo "2189"]
[BlackElo "2103"]
[PlyCount "93"]
[EventDate "2006.08.21"]
[EventType "swiss"]
[EventRounds "11"]
[EventCountry "MAS"]
[SourceTitle "CBM 114 Extra"]
[Source "ChessBase"]
[SourceDate "2006.11.03"]
[SourceVersion "1"]
[SourceVersionDate "2006.11.03"]
[SourceQuality "1"]

1. e4 e5 2. Nf3 Nc6 3. Bb5 Nd4 4. Nxd4 exd4 5. 0-0 Bc5 6. d3 c6 7. Bc4 d5 8. Bb3 Ne7 9. Bg5 f6 10. Bh4 Be6 11. f4 Qd7 12. Nd2 0-0 13. f5 Bf7 14. Qg4 Kh8 15. Rae1 a5 16. a4 Bb4 17. Re2 b6 18. Qf4 Rae8 19. g4 dxe4 20. Bxf7 Rxf7 21. Nxe4 Nd5 22. Qg3 h6 23. Qh3 Ne3 24. Rf3 Kg8 25. Bf2 Nd1 26. b3 Rfe7 27. Qh5 Rf8 28. Rh3 Nc3 29. Nxc3 dxc3 30. Rxe7 Qxe7 31. Re3 Qd7 32. Re6 b5 33. Qh3 bxa4 34. bxa4 c5 35. Qf3 Qxa4 36. Qd5 Kh7 37. Bxc5 Bxc5+ 38. Qxc5 Qxg4+ 39. Kf2 Qf4+ 40. Kg2 Qd2+ 41. Kf3 Qd1+ 42. Kg3 Rb8 43. Re7 Rb4 44. Rxg7+ Kxg7 45. Qe7+ Kg8 46. Qe8+ Kg7 47. Qe7+ 1/2-1/2